000 00863cam a2200265 i 4500
001 bg
003 KOSZ 005
005 20191009080843.0
008 020204s2001 pl a f |000 0 pol
015 _aPB 2002/2394
020 _a8321342256
040 _aWA N
_cKOSZ 005/HR
_dKOSZ 005/HR
080 _a69
080 _a(075.8)
100 1 _aMielczarek, Zbigniew
_d(1931- )
_eAutor
245 1 0 _aNowoczesne konstrukcje w budownictwie ogólnym /
_cZbigniew Mielczarek.
260 _aWarszawa :
_b"Arkady",
_c2001.
300 _a512 s., [8] s. tabl. kolor. :
_bil. ;
_c25 cm.
504 _aBibliogr.
655 4 _aPodręczniki akademickie
650 4 _aBudownictwo
710 2 _aWydawnictwo "Arkady".
_4pbl.
856 _uhttp://koha.tu.koszalin.pl/cgi-bin/koha/opac-detail.pl?biblionumber=41605
_yKatalog online BPK
942 _2UKD
_cKS
999 _c41605
_d41605